Alkuaineet, joiden kemiallinen merkki ei vastaa alkukirjainta - Statistics

Yleistilastot
  • Tätä visaa on pelattu 356 kertaa
  • Keskiarvotulos 15 / 27
Vastaustilastot
Merkki Alkuaine % Oikein
Au kulta
91%
O happi
89%
Ag hopea
87%
H vety
87%
N typpi
82%
Fe rauta
76%
Hg elohopea
74%
C hiili
74%
Cu kupari
71%
Ca kalsium
67%
Zn sinkki
66%
S rikki
61%
I jodi
57%
Sn tina
57%
P fosfori
56%
Si pii
55%
Pb lyijy
52%
Cl kloori
47%
Cr kromi
44%
Xe ksenon
33%
Co koboltti
31%
Cd kadmium
25%
W volframi
25%
Bi vismutti
20%
Cf kalifornium
13%
Sb antimoni
12%
Cn kopernikium
7%
Ehtoja vastaavia visoja ei löytynyt
Tulosjakauma
Jokaisen tuloksen saaneiden osuus
Persentiili vastausten määrän mukaan
Tuloshistoriasi
Et ole pelannut tätä visaa